عرض عادي
عرض مارك
- Client/server computing
مدخل مصطلح موضوعي
001 - رقم الضبط
- حقل الضبط: 8799
003 - معرف رقم الضبط
- حقل الضبط: OSt
005 - تاريخ ووقت أخر عملية
- حقل الضبط: 20111220185615.0
008 - عناصر بيانات ثابتة الطول
- حقل تحكم ثابت الطول: 111220|||a|||||| | ||| d
040 ## - مصدر الفهرسة
- هيئة الفهرسة الأصلية: OSt
- وكالة الكتابة: OSt
150 ## - مدخل-- مصطلح تاريخي
- عنصر مدخل المصطلح الموضوعي او الاسم الجغرافي: Client/server computing
- تفريع عام: Examinations
- تفريع شكلي: Study guides.
670 ## - بيانات المصدر موجوده
- الاستشهاد بالمصدر: Work cat.: (OSt)3717: Mathers, Todd W. 8796, Citrix CCA :, c2006.
